000 00596nam a2200229 a 4500
999 _c4756
_d4756
001 4756
003 BD-JhCC
005 20171203114949.0
008 171203b1954 enka|||| ||a| 001 0 eng d
020 _a340090227
035 _a(BD-JhCC)4756
040 _aBD-JhCC
_dBD-JhCC
041 _aeng
082 _a910.02
_bMON 1954
100 _aMonkhouse, F. J.
245 _aPrinciples of Physical Geography /
_cF. J. Monkhouse
260 _aLondon :
_bUniversity of London Press Ltd,
_c1959.
300 _a570 p. :
_c22 cm.
650 _aPhysical Geography
942 _2ddc
_cBK